000 00671nam a22002177a 4500
999 _c159213
_d159213
005 20181210151228.0
006 a|||||f|||| 00| 0
007 tc
008 181207b |||||f|||| 00| 0 eng d
010 _aB-089959-B-089960
020 _c09.00
035 _aB-089959
037 _bAICB
082 _a621
245 _aComputer Concept
260 _aNew Delhi
_bAICB
_cn.d.
270 _aSector-5, Rohini
_bNew Delhi
_e110085
_k011-27054082
300 _avarious pages
_c30cm.(HB)
942 _2ddc
_cBRLEN
_h621
_mCOM